|
|
|
|
| LEADER |
00000nab a2200000 a 4500 |
| 001 |
vtls000306761 |
| 003 |
SK-MaSNL |
| 005 |
20260305030642.0 |
| 008 |
250424c1987 xo 0 slo |
| 015 |
|
|
|a SNBRB19rr/mm-uuuuu
|
| 035 |
|
|
|a CL0316880
|
| 035 |
|
|
|a (urnnbn)urn:nbn:sk:snk:ar-a07oph
|
| 035 |
|
|
|a (uuid)c40187c0-cb70-46e8-ae07-f83625b1f943
|
| 035 |
|
|
|a urn:nbn:sk:snk-ab8ai6
|
| 040 |
|
|
|a SNKBUCL
|b slo
|c SNKBUCL
|e AACR2
|
| 041 |
0 |
|
|a slo
|
| 044 |
|
|
|a xo
|c SK
|
| 080 |
|
|
|a 904:62:719(437.67)
|2 1981
|
| 080 |
|
|
|a 62
|2 1981
|
| 080 |
|
|
|a 719(437.67)
|2 1981
|
| 080 |
|
|
|a 719
|2 1981
|
| 080 |
|
|
|a 904
|2 1981
|
| 100 |
1 |
|
|a Záhorský, Pavol
|4 aut
|9 643896
|
| 245 |
1 |
0 |
|a K aktuálnym otázkam v záchrane nehnuteľných technických pamiatok vo Východoslovenskom kraji
|c Pavol Záhorský
|
| 300 |
|
|
|b Obr. 6.
|
| 650 |
0 |
7 |
|a technické pamiatky
|2 snkbucl
|9 21763
|
| 651 |
|
7 |
|a Východoslovenský kraj (Slovensko)
|2 snkbucl
|9 161537
|
| 655 |
|
7 |
|a články z novín a časopisov
|2 snkbucl
|9 267496
|
| 773 |
0 |
|
|t Pamiatky príroda
|g Roč. 18, č. 6 (1987), s. 207-209
|
| 850 |
|
|
|a Slovenská národná knižnica
|
| 852 |
|
|
|a Slovenská národná knižnica
|
| 954 |
|
|
|a odborná, vedecká literatúra pôvodná (slovenská)
|2 lita
|
| 957 |
|
|
|a 5400
|
| 958 |
|
|
|a article9
|
| 958 |
|
|
|a RK
|
| 958 |
|
|
|a OND
|
| 958 |
|
|
|a EUIPO
|
| 992 |
|
|
|a RBX
|
| 999 |
|
|
|c 3312521
|d 3314451
|